000
00315nam a2200145Ia 4500
100
_a
Penfold J.W.
942
_c
BK
654
_a
Microsoft visual basic
245
_a
Microsoft Visual basic
260
_b
Galgotia
_a
New Delhi
_c
1995
082
_a
005.13 'B'
300
_a
577
546
_a
ENGLISH
999
_c
22187
_d
22187